Normal view MARC view

Entry Personal Name

Number of records used in: 2

001 - CONTROL NUMBER

  • control field: 771668

003 - CONTROL NUMBER IDENTIFIER

  • control field: OSt

005 - DATE AND TIME OF LATEST TRANSACTION

  • control field: 20250508161840.0

008 - FIXED-LENGTH DATA ELEMENTS

  • fixed length control field: 250508|| aca||aabn | a|a d

040 ## - CATALOGING SOURCE

  • Original cataloging agency: OSt
  • Transcribing agency: OSt

100 ## - HEADING--PERSONAL NAME

  • Personal name: Goel Tej Prakash

670 ## - SOURCE DATA FOUND

  • Source citation: Work cat.: (OSt)1372638: Goel Tej Prakash, Investigation into relationship of study habits attitude and intelligence with achievement in new mathematics of the students of class 9th of higher secndary schools in Delhi, 1977
Copyright @ Delhi University Library System